Spanish Verbs # 13 - 1st pers. sing. imp. - Statistics

General Stats
  • This quiz has been taken 20 times
  • The average score is 38 of 50
Answer Stats
Infinitive Imp. yo % Correct
almorzar almorzaba
88%
comer comía
88%
dormir dormía
88%
haber había
88%
hablar hablaba
88%
preferir prefería
88%
querer quería
88%
sentir sentía
88%
vivir vivía
88%
agradecer agradecía
75%
caer caía
75%
cerrar cerraba
75%
conducir conducía
75%
conocer conocía
75%
contar contaba
75%
crecer crecía
75%
decir decía
75%
dirigir dirigía
75%
elegir elegía
75%
empezar empezaba
75%
encontrar encontraba
75%
entender entendía
75%
estar estaba
75%
hacer hacía
75%
jugar jugaba
75%
morir moría
75%
oír oía
75%
pedir pedía
75%
pensar pensaba
75%
perder perdía
75%
poder podía
75%
poner ponía
75%
proteger protegía
75%
recoger recogía
75%
reír reía
75%
repetir repetía
75%
saber sabía
75%
salir salía
75%
seguir seguía
75%
servir servía
75%
tener tenía
75%
traducir traducía
75%
traer traía
75%
valer valía
75%
venir venía
75%
volver volvía
75%
dar daba
63%
ver veía
63%
ser era
50%
ir iba
38%
No matching quizzes found
Score Distribution
Percent of People with Each Score
Percentile by Number Answered
Your Score History
You have not taken this quiz